=LDR 00000nam 2200000 4500 =001 INLIS000000000032178 =005 20130612134210 =008 ***********************************ind** =035 ##$$0010-061300000032178 =041 ##$$a ind =082 ##$$a 433.1 =090 ##$$a R. 433.1, Hid k1 =100 ##$$a HIDAYAT, Amir F =245 ##$$a Kamus Jerman - Indonesia, Deutsch - Indonesisches woterbuch, Amir F Hidayat =260 ##$$a 2006 $b Bandung =300 ##$$a 364 hlm, 24 cm =650 ##$$a Kamus bahasa Jerman - Indonesia =850 ##$$a NBPNMAT